Statistics for NBA Players by Draft Pick

Click here to take the quiz!

General Stats

  • This quiz has been taken 43 times
  • The average score is 10 of 15

Answer Stats

DraftedDrafted ByYearAnswer% Correct
Round 1: / Pick: 15Bucks2013Giannis Antetokounmpo
100%
Round 1: / Pick: 1Cavaliers2003Lebron James
100%
Round 2: / Pick: 41Nuggets2014Nikola Jokic
97%
Round: 1 / Pick: 7Warriors2009Stephen Curry
97%
Round: 1 / Pick: 3Bulls1984Michael Jordan
89%
Round: 1 / Pick: 1Magic1992Shaquille O'Neal
86%
Round: 1 / Pick: 2SuperSonics2007Kevin Durant
75%
Round: 1 / Pick: 13Hornets1996Kobe Bryant
67%
Round: 1 / Pick: 1Cavaliers2014Andrew Wiggins
64%
Round: 1 / Pick: 1Cavaliers2013Anthony Bennett
61%
Round: 1 / Pick: 15Suns1996Steve Nash
58%
Round: 2 / Pick: 27Pistons1986Dennis Rodman
53%
Round: 1 / Pick: 12Kings2020Tyrese Haliburton
44%
Round: 1 / Pick: 15Pacers2011Kahwi Leonard
33%
Round: 1 / Pick: 9Bucks1998Dirk Nowitzki
17%

Score Distribution

Percentile by Number Answered

Percent of People with Each Score

Your Score History

You have not taken this quiz